[Event "POL-ch 54th"]
[Site "Sopot"]
[Date "1997.??.??"]
[Round "13"]
[White "Krasenkow, Michal"]
[Black "Socko, Bartosz"]
[Result "1-0"]
[WhiteElo "2615"]
[BlackElo "2435"]
[Annotator "Ribli,Z"]
[PlyCount "105"]
[EventDate "1997.03.18"]
[EventType "tourn"]
[EventRounds "15"]
[EventCountry "POL"]
[EventCategory "9"]
[SourceTitle "CBM 059"]
[Source "ChessBase"]
[SourceDate "1997.08.01"]
[SourceVersion "1"]
[SourceVersionDate "1997.08.01"]
[SourceQuality "1"]

1. c4 {Krasenkow} e5 2. Nc3 Nc6 3. g3 g6 4. Bg2 Bg7 5. e3 d6 6. Nge2 f5 7. d3 (
7. d4 Nf6 8. dxe5 dxe5 9. Bxc6+ bxc6 10. Qxd8+ Kxd8 {Und der Doppelbauer auf
c7-c6 ist von untergeordneter Bedeutung. Schwarz hat ungefähr gleiche Chancen.
Ribli.}) 7... Nf6 8. O-O O-O 9. Rb1 (9. Nd5 $5 Nxd5 10. cxd5 Ne7 11. d4 e4 12.
Qb3 Kh8 13. f3 exf3 14. Bxf3 c6 15. dxc6 bxc6 16. Nf4 $14 {Huebner,
R-Kindermann,S Munich 1991 51/(29) CBM/23}) (9. b3 Be6 10. Nd5 Qd7 11. Bb2 Bf7
12. f4 Nxd5 13. cxd5 Nb4 14. e4 Qb5 15. Rf3 Nxd5 $1 16. exd5 e4 $1 $15 {
Davies,N-Khalifman,A London WFW 1991 CBM/24}) 9... Be6 {Wir haben einen
sogenannten "Geschlossenen Sizilianer" auf dem Brett, wobei der Anzeiehende -
mit einem Mehrtempo- die schwarze Rolle übernommen hat.Ribli.} (9... a5 10. b3
$1 {[#]} Nh5 (10... g5 11. f4 h6 (11... gxf4 12. exf4 Ng4 13. h3 Nh6 14. Be3
Nd4 15. Qd2 Nf7 16. Bf2 Nxe2+ 17. Nxe2 c6 18. Rbd1 h5 19. fxe5 dxe5 20. d4 $14
{Winants,L-Nijboer,F/Tilburg 1992/1-0 (59)}) 12. Bb2 Qe8 13. Qd2 Bd7 {1/2-1/2
Serper,G-Kontic,V/WchJM-U20 Tunja 1989 (29)}) (10... Be6 11. Nd5 Qd7 12. Bb2
Rae8 13. Qd2 Bxd5 14. cxd5 Nb4 15. a3 Nbxd5 16. Qxa5 c6 17. Rbd1 Nc7 18. Qd2
Qf7 19. b4 g5 {0-1 Franco,Z-Granda Zuniga,J/ESP-chT Linares 1991 (30)}) (10...
Qd7 11. Nd5 Nxd5 12. cxd5 Ne7 13. e4 c6 14. dxc6 bxc6 15. Bg5 Bb7 16. Rc1 d5
17. Nc3 fxe4 18. dxe4 Ba6 19. Re1 d4 20. Na4 Nc8 21. Nc5 {1-0 Shvidler,
E-Drechsler,C/Lenk 1991 (26)}) (10... Kh8 11. Bb2 Be6 12. Nd5 Bg8 13. Nxf6 Qxf6
14. Qd2 g5 15. f4 Qg6 16. d4 gxf4 17. exf4 e4 18. d5 {1-0 Csom,I-Sutter,O/
SWZ-GP Suhr 1992 (40)}) 11. f4 exf4 12. gxf4 Re8 13. Qd2 Nf6 14. Bb2 Be6 15. e4
fxe4 16. dxe4 Qd7 17. Nd5 {Csom,I-Kristjansson,B/Gausdal PG 1993/1-0 (56)}) (
9... g5 10. f4 gxf4 11. exf4 $14) 10. Nd5 (10. b4 a6 $5 (10... d5 11. b5 Ne7
12. Ba3 Rf7 13. d4 $1 e4 14. Nf4 Qd7 15. Bxe7 Rxe7 16. Nxe6 Qxe6 17. Nxd5 Nxd5
18. cxd5 Qxd5 19. Qa4 $14 {Chernin-Plaskett Groningen 1979/80 29/71}) 11. a4 d5
$13) 10... Rb8 $5 {[%cal Yg2b7] /\11...Ne7 Verteidigt Pb7 und bereitet 11...
Ne7 vor.} (10... Qd7 11. b4 Qf7 (11... Nd8 12. b5 Kh8 13. f4 Rb8 14. a4 Nf7 15.
Ba3 Rg8 16. a5 Ng4 17. Qd2 c6 18. h3 Nf6 19. bxc6 bxc6 20. Nb4 e4 21. Nc3 c5
22. Nbd5 {1-0 Rasmussen,K-Hansen,M/DEN-chT 1991 (40)}) 12. b5 Nd8 13. Qb3 Kh8
14. Bd2 c6 15. bxc6 bxc6 16. Nxf6 Bxf6 17. Bb4 Rb8 18. Qa3 {1-0 Smirnov,
V-Ruban,E/BLR-ch Minsk 1996 (36)}) (10... e4 $6 11. Nef4 Bf7 12. Nxf6+ Bxf6 13.
Nd5 exd3 14. Nxf6+ Qxf6 15. b3 Qc3 16. Rb2 Rfd8 17. Rd2 Qa1 18. Rb2 Nb4 19. Qd2
a5 20. e4 fxe4 21. a3 Nc6 22. Bxe4 d5 23. cxd5 Bxd5 24. Qxd3 Bxe4 25. Qxe4 Qxa3
26. Qc4+ {Obukhov,A-Landa,K/Kobanya op 1992/1-0 (51)}) 11. b3 (11. Nec3 Ne7 12.
b3 c6 13. Nxe7+ Qxe7 14. Bb2 d5 15. cxd5 cxd5 16. d4 e4 17. Qd2 Rfc8 18. Rbc1 {
1/2-1/2 Prasad,D-Ravisekhar,R/New Delhi 1987 (25)}) 11... Ne7 12. Nxf6+ (12.
Nec3 c6) 12... Bxf6 13. f4 a6 (13... c6 {[%cal Yd8a5] Dieser Zug scheint mir
logischer, da er den Bg2 einschränkt.Ribli.}) 14. Bb2 b5 {Dieser ganze Plan
gefällt mir nicht. Schwarz schwächt seinen Damenflügel, ohne dafür etwas
Konkretes zu bekommen.Ribli.} 15. Qd2 Bc8 {Es ist logisch, daß Schwarz den
gefährlichen weißen Läufer abtauschen möcht, aber das kostet viel Zeit.Ribli.}
(15... Qd7 $5) 16. Rbc1 Bb7 17. e4 $1 $14 {Wir haben eine nahezu symmetrische
Stellung. Alle vier Läufer stehen auf den großen Diagonalen, aber Weiß ist ein
wenig besser entwickelt.Ribli.} c5 $6 (17... bxc4 18. bxc4 (18. dxc4 Bxe4 19.
Bxe4 fxe4 20. fxe5 Bxe5 21. Rxf8+ Qxf8 22. Bxe5 dxe5 23. Nc3 $14 {[%csl Re4,
Re5]}) 18... c5) (17... Qd7 $11 {Krasenkow}) 18. cxb5 axb5 19. fxe5 $2 (19. b4
$13 {Krasenkow}) 19... dxe5 (19... Bxe5 20. Bxe5 dxe5 21. Rxc5 fxe4 22. Rxf8+
Qxf8 (22... Kxf8 23. Bxe4 Bxe4 24. Qh6+) 23. Bxe4 {Mit Mehrbauer für Weiß.})
20. Rxc5 fxe4 (20... Qb6 21. b4) 21. Rxb5 Nf5 (21... exd3 22. Bxb7 $1 (22. Rxb7
Rxb7 23. Bxb7 dxe2 24. Qxe2 (24. Qxd8 exf1=Q+ $19) 24... Qb6+ $17) (22. Rxf6
Rxf6 23. Bxe5 Rf5 $13) 22... dxe2 23. Qxe2 Qd7 24. Rxf6 Rxf6 25. Bxe5 (25. Qxe5
$4 Qd1+ 26. Kg2 Qf1#) 25... Re6 26. Bd5 Rxb5 27. Bxe6+ Qxe6 28. Qxb5 $16) (
21... Qd7 $2 {Krasenkow} 22. Nc3 $1 Qd4+ 23. Qf2 e3 24. Qe2 Bxg2 25. Rxf6 $1
Rxf6 26. Rxb8+ Kf7 27. Ne4 $1 $18) 22. Bxe4 (22. Qb4 {Krasenkow} Ne3 $1 (22...
exd3 $2 23. Rxb7 Rxb7 24. Qxb7 dxe2 25. Qd5+ $16) (22... Nd6 $2 23. Rb6 $16)
23. Rxb7 Rxb7 24. Qxb7 exd3 $1 (24... Nxf1 25. Qxe4 Nd2 26. Qd5+ Qxd5 27. Bxd5+
Kg7 $13) 25. Nc3 Nxf1 26. Qd5+ Qxd5 27. Bxd5+ Kg7 28. Kxf1 e4 $17) 22... Bg5 (
22... Bxe4 23. Rxb8 Qxb8 24. dxe4 $16) 23. Qc3 (23. Qb4 $2 {Krasenkow} Be3+ 24.
Kg2 (24. Kh1 Nd6 $19) 24... Qxd3 $19) (23. Nf4 {Krasenkow} exf4 24. Qc3 Bf6 25.
Qc4+ Kh8 26. Bxf6+ Qxf6 27. Bxb7 Ne3 $19) 23... Ne3 (23... Bxe4 24. dxe4 (24.
Rxb8 $2 Be3+ $17) 24... Rxb5 25. Qc4+ (25. Qc4+ {Krasenkow} Rf7 $1 26. Qxb5 Ne3
27. Re1 (27. Rc1 Ng4 $19) 27... Qd2 $1 28. Qe8+ Kg7 29. Qxe5+ Kh6 30. Qc3 Qxe2
31. Qg7+ Kh5 32. Qxh7+ Bh6 $19)) 24. Rxf8+ Qxf8 25. Nf4 $1 {[%cal Yb2h8]} (25.
Qe1 Bxe4 26. Rxb8 Qxb8 27. dxe4 Qf8 {[%csl Rf3]} 28. Qf2 $2 Qxf2+ 29. Kxf2 Nd1+
$17) 25... Bxf4 (25... exf4 26. Qh8+ Kf7 27. Qxh7+ $18) 26. Rxb7 Rxb7 (26...
Bxg3 $2 27. Rxb8 $18) 27. Bxb7 Bxg3 28. Qc8 $1 $16 {Nach großen Komplikationen
kann Weiß die Damen tauschen und in ein äußerst chancenreiches Endspiel
abwickeln.Ribli.} (28. hxg3 Qf1+ 29. Kh2 Ng4#) 28... Bf4 29. Qxf8+ Kxf8 30. a4
{Weiß hat zwei gefährliche Freibauern und das Läuferpaar. Wenn Schwarz ein
Endspiel mit ungleichfarbigen Läufern erreichen könnte, dürfte er sich
Hoffnungen auf Remis machen.Ribli.} Ke7 31. a5 Kd7 32. a6 (32. b4 $18 {
Krasenkow}) 32... Kc7 33. Bc3 {[%csl Rg1] Weiß kann mit seinem König nicht ins
Geschehen eingreifen.Ribli.} (33. Kf2 $4 Nd1+) 33... Nc2 34. Kg2 (34. Ba5+ Kb8
35. Bb6 Be3+) 34... Kb6 {/\35...Nd4} 35. Kf3 $2 {Weiß opfert seinen
bedeutungslosen Ph2.} (35. h3 {Krasenkow} Nd4 36. Ba5+ Ka7 37. b4 Bd2 38. Bc7
$16) 35... Bxh2 36. Ke4 Nd4 (36... h5 $1 {Krasenkow} 37. Ba5+ (37. Bxe5 Bxe5
38. Kxe5 Nb4 39. d4 Nxa6 $11) 37... Ka7 38. b4 (38. Bd8 Nb4) 38... h4 39. b5
Bg1 40. Kxe5 h3 41. Kd6 Bb6 $11) 37. Ba5+ Ka7 38. b4 Nb5 (38... h5 {Krasenkow}
39. Bd8 Bg3 40. Be7 Nb3 41. b5 {/\42.Bd5}) (38... g5 {Krasenkow} 39. Bd8 g4 40.
Be7 Nb3 41. Kd5 g3 42. Kc4 $18) 39. Kd5 Bg1 40. Bd8 {Weiß verhindert den
Vorstoß des g- und h-Bauern.Ribli.} (40. Kc6 Nd4+ 41. Kc7 Nb5+) (40. Kxe5 $18 {
Krasenkow}) 40... Bb6 $6 {Schwarz konnte das Endspiel zwar ohnehin kaum halten,
nach dem Partiezug jedoch gewinnt Weiß leicht.Ribli.} (40... Bd4 {Krasenkow}
41. Kc6 Nc3 42. b5 Na4 43. Bc8 $18) 41. Bxb6+ Kxb6 42. Kxe5 h5 43. d4 h4 44. d5
Kc7 (44... h3 45. d6 {[%cal Yb7h1]} (45. d6 {Krasenkow} h2 46. Bg2 $18)) 45.
Bc6 Na7 46. b5 h3 47. d6+ $18 {Die drei weißen Freibauern entscheiden die
Partie.} Kd8 48. Kf4 h2 49. Kg3 h1=Q (49... Nxc6 50. Kxh2 $18 {Und Schwarz
kann die weißen Freibauern auch mit Mehrfigur nicht halten.} (50. Kxh2 {
Krasenkow} Na7 51. b6 $18)) (49... Nxb5 {Krasenkow} 50. Kxh2 Na7 51. Ba4 $18)
50. Bxh1 Nxb5 51. Bc6 Na7 (51... Nxd6 52. a7 $18) 52. Ba4 g5 (52... Nc8 53. Kg4
$18) 53. d7 {Und Schwarz gab auf, da er mit seinem König im Dreieck c7-d8-e7
bleiben muß und Weiß einfach den g-Bauern gewinnt. Das Eingreifen des Königs
am Damenflügel beendet schließlich den Kampf.Ribli.} 1-0

[Event "Ubeda"]
[Site "Ubeda"]
[Date "1997.02.07"]
[Round "1"]
[White "Timman, Jan H"]
[Black "Jussupow, Artur"]
[Result "1/2-1/2"]
[WhiteElo "2630"]
[BlackElo "2665"]
[Annotator "Ribli,Z"]
[PlyCount "91"]
[EventDate "1997.02.07"]
[EventType "tourn"]
[EventRounds "11"]
[EventCountry "ESP"]
[EventCategory "16"]
[SourceTitle "CBM 058"]
[Source "ChessBase"]
[SourceDate "1997.06.01"]
[SourceVersion "1"]
[SourceVersionDate "1997.06.01"]
[SourceQuality "1"]

1. c4 e5 2. Nc3 Nc6 3. g3 g6 4. Bg2 Bg7 5. Rb1 {[%cal Yb2b4,Yb4b5]} a5 6. d3 d6
7. e4 {[%csl Rd4,Gd5] Wir haben wie häufig nach 1.c4 e5 eine (geschlossene)
sizilianische Stellung mit vertauschten Farben. Mit seinem letzten Zug macht
sich Weiss eine positionelles Loch auf d4, verstaerkt aber gleichzeitig seine
Herrschaft ueber d5.Ribli.} (7. e3 $5 {[%cal Yg1e2,Yb2b3,Yc1b2,Yd1d2,Ye1g1,
Yh1f1,Yc3d5,Yf2f4]}) 7... f5 8. Nge2 Nf6 9. Nd5 O-O 10. O-O Nb4 $6 {Dieser Zug
gefaellt mir nicht. Ich schlage den "normalen" Entwicklungszug 10...Be6 vor.
Schwarz moechte sich zunutze machen, daß Weiss noch nicht a2-a3 gespielt hat,
und er gibt dem Zug a7-a5 Sinn.Ribli.} 11. Nxf6+ (11. Nxb4 $2 axb4 12. Qb3 c5)
11... Qxf6 12. a3 Nc6 13. Be3 Nd4 (13... a4 $6 14. Nc3 (14. exf5 $1 Bxf5 (14...
gxf5 15. Nc3 $14 {[%csl Ra4,Rb5,Rd5]}) 15. Nc3 $1 $14 {[%csl Ra4,Rb5,Rd5,Re4]})
14... f4 15. Nd5 Qg5 16. Bd2 Rf7) 14. Bxd4 (14. exf5 Nxf5) 14... exd4 15. exf5
Bxf5 {Das ist modernes dynamisches Schachspiel. Schwarz opfert einen Bauern
fuer aktives Gegenspiel.Ribli.} (15... gxf5 16. Nf4 c6 17. b4 axb4 18. axb4 Bh6
19. Qf3 $14) 16. Bxb7 Rab8 17. Bd5+ Kh8 18. b4 {Sonst hat Schwarz unangenehmen
Druck auf der b-Linie.Ribli.} Bh3 19. Bg2 Bxg2 20. Kxg2 Qf3+ 21. Kg1 g5 $1 $44
{[%cal Gg5f4] Schwarz gewinnt Raum am Koenigsfluegel und verhindert das
moegliche Nf4.Ribli.} 22. Nc1 (22. b5 Rbe8 23. Rb2 Re6 $40) 22... Qf5 23. Rb2
Qh3 24. f3 {[%csl Re3]} axb4 $1 {Sehr praezise gespielt. Schwarz verlaesst die
b-Linie und löst im richtigen Moment die Spannung auf.Ribli.} 25. axb4 Rbe8 26.
Re2 Re3 27. Rxe3 dxe3 28. Ne2 {Weiss muss mit seinem Springer den
gefaehrlichen e3-Bauern blockieren.Ribli.} Qf5 29. Qb1 (29. d4 c5 30. dxc5 (30.
bxc5 dxc5 31. d5 Rb8 $44) 30... dxc5 31. b5 Ra8 $44) 29... d5 30. c5 d4 {
[%csl Gd4,Ge3] Jetzt hat Schwarz schon zwei gefaehrliche Bauern im Zentrum,
nur sein Läufer hat noch keinen Angriffspunkt. Weiss hingegen hat nicht nur
einen Bauer mehr, sondern auch einen potentionellen Freibauern auf der b-Linie.
Ribli.} 31. Qb3 Ra8 32. Kg2 h5 $1 33. h3 h4 $1 {Prinzipiell es ist nicht
logisch alle Bauern auf die schwarzen Felden zu stellen, wenn man selber den
dunkelfarbiegen Bauern hat, aber hier ist das ein gutes Mittel gegen den
weissen Koenig.Ribli.} 34. g4 Qd7 35. b5 Rb8 36. Rb1 Rf8 37. Qc4 Be5 38. Ra1 (
38. b6 $4 Rxf3 $1 39. Kxf3 Qc6+ $19) 38... Rb8 39. Ra5 Kg7 $1 {Der schwarze
Koenig strebt nach h6, wo er mehr Sicherheit findet.Ribli.} 40. c6 Qd6 41. Ra7
Kh6 42. Rb7 Rf8 43. b6 Bh8 44. Rxc7 {[#] Es scheint, daß Weiss mit zwei Bauern
mehr gute Gewinnchancen hat. Aber Schwarz hat einen gut vorbereiteten
Gegenschlag.Ribli.} Rxf3 $1 45. Kxf3 Qf6+ {Und Weiss hat nicht mehr,als
Zugwiederholung.Ribli.} 46. Ke4 1/2-1/2

[Event "Cancan Veterans-Women"]
[Site "Roquebrune"]
[Date "1998.09.11"]
[Round "5"]
[White "Taimanov, Mark E"]
[Black "Chiburdanidze, Maia"]
[Result "0-1"]
[WhiteElo "2455"]
[BlackElo "2525"]
[Annotator "Ribli,Z"]
[PlyCount "66"]
[EventDate "1998.09.07"]
[EventType "schev"]
[EventRounds "12"]
[EventCountry "FRA"]
[SourceTitle "CBM 067"]
[Source "ChessBase"]
[SourceDate "1998.11.30"]
[SourceVersion "2"]
[SourceVersionDate "1998.11.01"]
[SourceQuality "1"]

{[%mdl 192]} 1. c4 e5 2. Nc3 Bb4 {Die Ex-Weltmeisterin wählt eine
Nebenvariante. Sie möchte den Läufer auf c3 tauschen. Ribli.} 3. g3 (3. Nd5 {
Ich empfehle diesen Zug.}) 3... Bxc3 {'!?'} 4. bxc3 d6 5. Bg2 Nc6 (5... f5) 6.
Nf3 (6. d3 f5 7. Nh3 Nf6 8. Qb3 (8. Rb1 O-O 9. O-O Qe8 10. f3 b6 11. Nf2 Be6
12. f4 Rd8 13. Re1 Ne7 14. a4 Bd7 15. a5 Ba4 16. Qd2 Bc6 $13 {0-1 Vaganian,
R-Dzindzichasvili,R/Saint John 1988 (53)}) 8... O-O 9. c5+ Kh8 10. cxd6 cxd6
11. O-O Qe7 12. Rb1 Bd7 13. f4 e4 14. Nf2 b6 15. dxe4 (15. Ba3 $5) 15... fxe4
16. Ba3 e3 17. Nd1 Rac8 18. c4 Bf5 $1 $13 {1-0 Uhlamnn,W-Mainka,R/Wurzburg
1992 (44)}) (6. d4 Nge7 7. Nf3 O-O 8. O-O f6 {Schwarz hat eine feste
Bauernkette.}) (6. e4 $5 {Weiß kann sich mit Ne2,d3,0-0,f4 aufbauen und nach 6.
..f5 7.exf5 spielen.}) 6... f5 7. O-O (7. d3 Nf6 8. Nd2 O-O 9. Nb3 Qe8 10. f4
e4 11. d4 Ne7 12. e3 b6 13. Bf1 Qa4 14. Be2 c5 15. h3 Ba6 $15 {0-1 Fokin,
S-Gyimesi,Z/Spring op Budapest 1993 (81)}) 7... Nf6 8. d3 O-O 9. Rb1 $146 {
[%cal Gb1b7] [#]Weiß besetzt die einzige halboffene Linie.} Na5 $5 {Der
schwarze Springer steht ein wenig schlecht auf a5, verhindert allerdings das
weiße Spiel am Damenflügel.} (9... Qe8 10. Ne1 (10. c5 Qh5 11. cxd6 cxd6 12.
Ba3 Rd8 13. Qd2 Rb8 14. Qg5 Qxg5 15. Nxg5 h6 16. Bxc6 hxg5 17. Bg2 b6 18. f4 {
1-0 Vaganian,R-Dzindzichasvili,R/Saint John 1988 (53)}) 10... b6 (10... Qh5 11.
f4 Re8 12. Nf3 e4 13. Nd4 Nxd4 14. cxd4 d5 15. cxd5 Nxd5 16. dxe4 fxe4 17. Qc2
c6 18. f5 Bxf5 19. Rxb7 Bc8 20. Rb3 Bg4 {Zeit 1-0 Nikolac,J-Plaskett,J/Bahrain
1990 (37)}) 11. Nc2 Bb7 12. Nb4 Rb8 13. Nd5 Nxd5 14. cxd5 Ne7 15. c4 c6 16. Qa4
Ra8 17. dxc6 Bxc6 18. Bxc6 Nxc6 19. f3 Rc8 20. Be3 f4 21. Bf2 Nd4 22. Qd1 Rc5
23. a4 Rf6 24. g4 h5 25. h3 Rg6 26. Rb2 Qe6 27. e3 fxe3 28. Bxe3 Qf6 29. Rg2 {
1/2-1/2 Shvidler,E-Hodgson,J/Tel Aviv 1988 (44)}) 10. Ne1 {[%cal Ge1c2,Gc2b4,
Gb4d5,Gc2e3,Ge3d5] Der Spinger strebt nach d5.} (10. c5 $5 e4 (10... dxc5 11.
Nxe5 $14) 11. Nd4 (11. dxe4 fxe4 12. Ng5 d5 $15 {[%csl Rg5]}) 11... dxc5 12.
Nb3 Nxb3 13. Qxb3+ Kh8 14. Ba3 $44 {[%csl Ga3,Gg2][%cal Gb1b7,Ga3f8] Weiß
besitzt das Läuferpaar und entfaltet Druck für den Bauern.}) 10... Rb8 (10...
c6) 11. Nc2 Be6 (11... b6 12. Nb4 Bb7 $11) 12. Nb4 c6 (12... h6) 13. Be3 {
[%cal Ge3a7]} Ng4 $13 {Durch das Bauernopfer erlangt Schwarz gefährliche
Initiative am Königsflügel.} (13... c5 14. Nd5 Nxd5 (14... b5 15. Nxf6+ Qxf6
16. Rxb5 Rxb5 17. cxb5 Bxa2 18. c4 $16 {[%csl Ra2,Ra5] Die schwarzen
Leichtfiguren stehen schlecht.}) 15. cxd5 Bd7 (15... Bf7 16. c4) 16. c4 $14 {
[%csl Ra5,Gd5] Wegen des Läuferpaars und des Zentrumsübergewichtes steht Weiß
etwas aktiver, aber die Stellung ist geschlossen und Schwarz hat keine
Schwächen.}) 14. Bxa7 Ra8 15. Be3 f4 $36 {So kommt auch der schwarze Turm ins
Spiel.} 16. Bd2 (16. gxf4 $6 exf4 17. Bd2 Qh4 18. h3 Ne5 $40 {[%csl Ge5,Ge6,
Gf4,Gf8,Rg1,Gh4]}) 16... Qg5 $44 {Der schwarze Druck am Königsflügel wird
spürbar.} 17. h3 Nf6 (17... Nh6 $6 18. e4 {[%csl Rh6] Der Springer steht auf
h6 weniger glücklich als auf f6.}) 18. e4 Qg6 19. g4 $6 (19. Qf3 Nh5 (19...
fxg3 20. Qxg3 (20. fxg3 Nh5) 20... Qf7 $44 {[%csl Yf4][%cal Gf6h5,Gh5f4]}) 20.
g4 Nf6 {[%csl Rf3][%cal Gh7h5] Die weiße Dame steht auf f3 passiv und Schwarz
kann wie in der Partie mit ...h7-h5 zu Angriff kommen.}) (19. Kh2 $5 {Der
König steht auf h2 nicht besonders gut, aber das ist viellecht besser als die
Partiefortsetzung.} Qh6 $44 {[%cal Gh6h2]}) 19... h5 20. f3 (20. gxh5 Nxh5 21.
Qf3 Nf6 $44) 20... hxg4 21. hxg4 (21. fxg4 $5 b5 22. cxb5 cxb5) 21... Qg5 (
21... Nxg4 22. fxg4 Bxg4 23. Rf3 $14) 22. Rf2 (22. Be1 Kf7 {[%csl Rg1][%cal
Gf8h8,Gh8h1]} 23. Bf2 Rh8 $44) 22... Kf7 {Schwarz bereitet 23...Rh8 mit
gefährlicher Initiative vor.} 23. Be1 Rh8 24. Kf1 (24. Rfb2 Nxg4 $5 25. fxg4
Bxg4 26. Qd2 Qh5 $40 {[%csl Rg1][%cal Gf4f3,Rh8h2]}) 24... Rh2 {[%csl Rf1,Gh2]}
25. Nd5 {Weiß ist nicht an passiver Verteidigung gelegen. Er opfert eine Figur
für taktische Gegenchancen. Ich bin allerdings nicht überzeugt, ob das Opfer
korrekt ist.} (25. Kg1 Rah8 {[%cal Gh8h2]}) 25... cxd5 26. cxd5 {[#]} Bxg4 $1 {
Schwarz opfert die Figur zurück und setzt zum entscheidenden Sturm auf den
weißen König an.} (26... Bd7 27. c4 $13 {[%csl Ra5][%cal Ge1a5]}) 27. fxg4 Nxg4
$17 {[%csl Rf1,Gg4,Gg5,Gh2][%cal Rg4e3,Re3f1,Re3d1]} 28. Qf3 Kg8 (28... Nxf2
29. Bxf2 Kg8) (28... Ne3+ $2 29. Qxe3 {[%cal Gf2f7]} Rxg2 30. Rxg2 Qxg2+ 31.
Kxg2 fxe3 32. c4 $16) 29. Kg1 Rh6 {Der Turm macht das Feld h2 für den Springer
frei.} 30. Rbb2 (30. Rfb2 Nh2 $17) 30... Nh2 {[%csl Rg1,Gg5,Gh2,Gh6]} 31. Qd1
Rh3 (31... f3 $2 32. Bd2 {[%cal Rd2h6]}) 32. Bd2 (32. Qd2 Nf3+ 33. Rxf3 Rxf3
$19) (32. Qc1 Rxd3 $19) 32... Qg3 $19 {[%csl Gf4,Gg3,Gh2,Gh3] Die Hauptdrohung
...f4-f3 entscheidet die Partie. Weiß ist verteidigungslos.} 33. Bc1 f3 0-1

[Event "Hoogovens"]
[Site "Wijk aan Zee"]
[Date "1992.01.??"]
[Round "7"]
[White "Kortschnoj, Viktor Lvovich"]
[Black "Salov, Valery"]
[Result "1/2-1/2"]
[WhiteElo "2585"]
[BlackElo "2655"]
[Annotator "Ribli,Z"]
[PlyCount "97"]
[EventDate "1992.01.??"]
[EventType "tourn"]
[EventRounds "13"]
[EventCountry "NED"]
[EventCategory "14"]
[SourceTitle "CBM 028"]
[Source "ChessBase"]
[SourceDate "1992.06.01"]
[SourceVersion "1"]
[SourceVersionDate "1992.06.01"]
[SourceQuality "1"]

1. c4 e5 2. g3 Nc6 3. Bg2 f5 4. Nc3 Nf6 5. e3 g6 6. d4 e4 7. Nge2 Bg7 (7... Bh6
$1 {Kortschnoj}) 8. Nf4 (8. f3 exf3 9. Bxf3 O-O 10. O-O d6 11. Rb1 a5 12. a3
Ne7 13. b4 axb4 14. axb4 g5 15. b5 Kh8 16. Qb3 Rb8 17. Ra1 Be6 $13 {Panaque,
P-Zapata,A Cali zt 1990  CBM/19}) 8... Ne7 $5 (8... d6 9. h4 Qe7 10. h5 Qf7 11.
Ncd5 Nxd5 12. cxd5 Nd8 13. f3 g5 $17 {Georges,S-Gallegher,J Zug 1989  CBM/16})
(8... b6 9. b3 Bb7 10. h4 Qe7 $13 {Sher,M-Kurajica,B Ptuj 1991 EXP/24}) 9. h4
d5 10. b3 c6 11. Ba3 Bh6 12. Bf1 Bxf4 13. gxf4 Be6 14. Qd2 Kf7 $10 15. Na4 b6
16. Be2 h5 (16... Neg8 $1 $10 {Korschnoj}) 17. Rc1 Rc8 18. Kf1 $1 Qd7 19. Qd1
Rc7 20. Kg2 Rhc8 21. Nc3 Rb8 22. Qd2 Neg8 23. Rc2 Nh6 24. Rhc1 Nhg4 25. Qe1 Kg7
26. Kg3 Bf7 27. Bf1 Re8 28. Ne2 Rec8 29. Ng1 Re8 30. Nh3 Nh7 31. Qb4 Rd8 32.
Ng5 Bg8 33. c5 b5 34. Qa5 Rb7 35. Bb4 Rdb8 36. Rb2 Ngf6 37. Be1 Nxg5 38. hxg5
Nh7 39. Kh2 Be6 40. a4 b4 41. Ba6 Nf8 $1 42. Bxb7 Qxb7 43. Bxb4 Qxb4 44. Qxa7+
Bd7 45. Qc7 Rb7 46. Qd8 Kg8 47. Ra1 Rb8 48. Qc7 Rb7 49. Qd8 1/2-1/2